000 00992cam a22003255a 4500
001 011945103
003 EG-ScBUE
005 20220427110726.0
008 010531r20092001enk f bd f000 0 eng d
020 _a0194372383 (pbk.)
020 _a9780194372381
040 _aUk
_beng
_erda
_cUk
_dEG-ScBUE
082 0 4 _a417.7
_222
_bSCH
100 1 _aSchendl, Herbert,
_eauthor.
_939733
245 1 0 _aHistorical linguistics /
_cHerbert Schendl.
250 _aReprint edition.
264 1 _aOxford :
_bOxford University Press,
_c2009.
300 _axi, 130 pages ;
_c20 cm.
336 _2rdacontent
_atext
_btxt
337 _2rdamedia
_aunmediated
_bn
338 _2rdacarrier
_avolume
_bnc
490 0 _aOxford introductions to language study
500 _aIncludes glossary.
504 _aIncludes bibliographical references.
650 7 _aHistorical linguistics.
_2BUEsh
_939735
651 _2BUEsh
653 _cApril2016
_bHHUUEENN
655 _vReading book
_934232
942 _2ddc
_cBB
999 _c21556
_d21528